[Event "96th ch-GER Candidates"]
[Site "Munich GER"]
[Date "2025.05.22"]
[Round "8.15"]
[White "Saglam, Buelent"]
[Black "Maier, Alexander"]
[Result "0-1"]
[BlackTitle "IM"]
[WhiteElo "2114"]
[BlackElo "2226"]
[WhiteFideId "24694827"]
[BlackFideId "4617061"]
[EventDate "2025.05.17"]

1. d4 g6 2. c3 Bg7 3. Bg5 d6 4. Nd2 Nd7 5. f4 Ngf6 6. Ngf3 h6 7. Bxf6 Nxf6 8. e4
O-O 9. Bd3 e5 10. fxe5 dxe5 11. Nxe5 c5 12. Nef3 cxd4 13. cxd4 g5 14. e5 Nh5 15.
h3 Ng3 16. Rg1 g4 17. hxg4 Bxg4 18. Kf2 Nh5 19. Qe1 f6 20. Qe4 f5 21. Qxb7 Bxf3
22. Nxf3 Rb8 23. Qa6 Rxb2+ 24. Be2 Nf4 25. Rge1 Kh8 26. Qc4 Qa8 27. Rab1 Rxb1
28. Rxb1 Rc8 29. Qb3 Qe4 30. Rb2 Nd5 31. Qd3 Qg4 32. Bf1 h5 33. Qd2 f4 34. Rc2
Rg8 35. Kg1 Bf8 36. Rc8 Qxc8 37. Qa5 Ne3 38. e6 Qxe6 39. Qxh5+ Qh6 40. Qe5+ Bg7
41. Qe7 Bf6 0-1

[Event "96th ch-GER Candidates"]
[Site "Munich GER"]
[Date "2025.05.22"]
[Round "8.16"]
[White "Mueller, Thorsten"]
[Black "Lippert, Daniel"]
[Result "1/2-1/2"]
[WhiteElo "2034"]
[BlackElo "2227"]
[WhiteFideId "4653319"]
[BlackFideId "16261895"]
[EventDate "2025.05.17"]

1. d4 d5 2. Nf3 Nf6 3. Bf4 e6 4. e3 Bd6 5. Bg3 O-O 6. Bd3 c5 7. c3 Qc7 8. Nbd2
Nbd7 9. c4 b6 10. cxd5 exd5 11. Rc1 Re8 12. a4 g6 13. O-O Bxg3 14. hxg3 Qd6 15.
Bb5 c4 16. b3 cxb3 17. Qxb3 Bb7 18. Ne5 Rec8 19. Ndf3 Qe7 20. a5 Nxe5 21. Nxe5
bxa5 22. Bd7 Rcb8 23. Qa4 Ba6 24. Bc6 Bxf1 25. Bxa8 Bb5 26. Qxa5 Rxa8 27. Qxb5
a5 28. Qc6 Rb8 29. Qa6 Qa3 30. Rc8+ Rxc8 31. Qxc8+ Qf8 32. Qa6 Kg7 33. Qxa5 h5
34. Qc7 Qe8 35. Qb7 Qe6 36. Qc6 Qf5 37. f3 g5 38. Qc7 Qe6 39. Qc6 Qf5 40. Qc7
Qe6 41. Qc6 Qf5 1/2-1/2

[Event "96th ch-GER Candidates"]
[Site "Munich GER"]
[Date "2025.05.23"]
[Round "9.1"]
[White "Braun, Georg"]
[Black "Hagner, Bennet"]
[Result "1/2-1/2"]
[WhiteTitle "FM"]
[BlackTitle "IM"]
[WhiteElo "2385"]
[BlackElo "2418"]
[WhiteFideId "24629383"]
[BlackFideId "16224477"]
[EventDate "2025.05.17"]

1. e4 c5 2. Nf3 e6 3. d4 cxd4 4. Nxd4 Nc6 5. Nc3 a6 6. Nxc6 bxc6 7. Bd3 d5 8.
O-O Nf6 9. Qe2 Be7 10. Bd2 O-O 11. Rae1 Re8 12. b3 Bb7 13. f4 g6 14. e5 Nd7 15.
Na4 a5 16. Be3 Ba3 17. c4 Qe7 18. Qf2 Ba6 19. Rd1 Reb8 20. Kh1 Bb7 21. h3 Rc8
22. c5 Ba6 23. Bxa6 Rxa6 24. Rd2 Rb8 25. Rc2 Raa8 26. Bd4 Rb7 27. Qe3 h5 28. g3
Kh7 29. Re1 Rb4 30. Ree2 Rab8 31. Kg2 R8b5 32. Nc3 Rb8 33. Na4 R8b5 34. Nc3 Rb7
35. Na4 Rb8 36. Re1 R8b5 37. Ree2 Rb8 38. Re1 R8b5 39. Ree2 Rb8 40. Re1 1/2-1/2

[Event "96th ch-GER Candidates"]
[Site "Munich GER"]
[Date "2025.05.23"]
[Round "9.2"]
[White "Krastev, Alexander"]
[Black "Kuegel, Tobias"]
[Result "0-1"]
[WhiteTitle "IM"]
[BlackTitle "IM"]
[WhiteElo "2426"]
[BlackElo "2362"]
[WhiteFideId "12989983"]
[BlackFideId "4636295"]
[EventDate "2025.05.17"]

1. Nf3 d5 2. g3 Nf6 3. Bg2 e6 4. O-O Be7 5. d3 O-O 6. Nbd2 a5 7. e4 a4 8. a3 c5
9. Re1 Nc6 10. e5 Nd7 11. Nf1 Ra6 12. h4 f6 13. exf6 Nxf6 14. c3 Bd6 15. d4 cxd4
16. cxd4 Ne4 17. N1d2 Nxf2 18. Kxf2 Nxd4 19. Nf1 Nb3 20. Be3 Nxa1 21. Qxa1 e5
22. Kg1 h6 23. Qd1 Be6 24. Kh1 Qf6 25. Bg1 Kh8 26. Qe2 Bg4 27. N1h2 Bxf3 28.
Qxf3 Qxf3 29. Bxf3 e4 30. Be2 Bxg3 31. Bxa6 Bxe1 32. Bxb7 Bf2 33. Bxd5 e3 34.
Bf3 Bxg1 35. Kxg1 Rb8 36. Ng4 Rxb2 37. Nxe3 Rb3 38. Kf2 Rxa3 39. Bd5 Rd3 40. Ke2
Rd4 41. h5 a3 42. Bf7 Rf4 43. Be6 Rb4 44. Kd3 Rb2 45. Kc3 Re2 46. Kd3 a2 47.
Kxe2 a1=Q 48. Bf5 g5 49. hxg6 h5 50. Kf3 Qg1 51. Ke4 h4 52. Bg4 Kg7 53. Nf5+ Kf6
54. Kf4 Qh2+ 55. Kf3 Kxg6 0-1

[Event "96th ch-GER Candidates"]
[Site "Munich GER"]
[Date "2025.05.23"]
[Round "9.3"]
[White "Poetsch, Hagen"]
[Black "Vavulin, Maxim"]
[Result "1/2-1/2"]
[WhiteTitle "GM"]
[BlackTitle "GM"]
[WhiteElo "2484"]
[BlackElo "2542"]
[WhiteFideId "24615137"]
[BlackFideId "4169530"]
[EventDate "2025.05.17"]

1. e4 e5 2. Nf3 Nc6 3. Nc3 Nf6 4. Bb5 Nd4 5. Bc4 c6 6. Nxe5 d5 7. exd5 Bd6 8.
Nf3 Nxf3+ 9. Qxf3 O-O 10. h3 b5 11. Be2 b4 12. Nd1 cxd5 13. d4 Qb6 14. c3 Re8
15. Be3 bxc3 16. bxc3 Bc7 17. O-O Qd6 18. Qg3 Qxg3 19. fxg3 Bxg3 20. Bb5 Re6 21.
Bf4 Bxf4 22. Rxf4 Rb8 23. a4 Ba6 24. Rf2 h5 25. Bxa6 Rxa6 26. Rb2 Re8 27. Nf2
Re3 28. Rb8+ Kh7 29. Rc8 Kg6 30. Kf1 h4 31. Rc5 Rae6 32. Rd1 Nh5 33. Ng4 Ng3+
34. Kg1 Rxc3 35. Rxd5 f6 36. Nh2 Ne2+ 37. Kf1 Ng3+ 38. Kg1 Ne2+ 39. Kf1 Rc2 40.
Rc5 Ng3+ 41. Kg1 Ra2 42. Nf3 Nf5 43. Rd2 Rxa4 44. d5 Rb6 45. Rc6 Rab4 46. Ne5+
Kh5 47. Rxb6 Rxb6 48. Nc6 Nd6 49. Rd4 a6 50. Kf2 Rb2+ 51. Kf3 Rc2 52. Ra4 Rc3+
53. Ke2 Rc5 54. Nb4 Ne4 55. Kd3 Nc3 56. Ra3 Nb5 57. Rxa6 Rc3+ 58. Ke2 Rb3 59.
Nc2 Nc3+ 60. Kd2 Ne4+ 61. Ke2 Nc3+ 62. Kd2 Ne4+ 63. Ke2 Ng3+ 64. Kd2 Rb5 65. Ne3
f5 66. d6 f4 67. Nc4 Rd5+ 68. Ke1 Rd4 69. Nd2 Nf5 70. Ra5 g6 71. Nf3 Rxd6 72.
Ra8 Kh6 73. Ra4 Ne3 74. Nxh4 g5 75. Nf3 Nxg2+ 76. Kf2 Ne3 77. h4 Nd1+ 78. Ke1 g4
79. Rxf4 gxf3 80. Rxf3 Nb2 81. Ke2 Nc4 82. Rf4 Ne5 83. Re4 Ng6 84. Ke3 Kh5 85.
Rd4 Ra6 86. Rd5+ Kxh4 87. Ke4 Kg4 88. Rd4 Nf4 89. Rd8 Re6+ 90. Kd4 Re1 91. Rg8+
Kf3 92. Rf8 Re7 93. Rf6 Rd7+ 94. Kc5 Ke4 95. Kc6 Rd1 96. Rd6 Rc1+ 97. Kd7 Nd3
98. Ke7 Ra1 99. Re6+ Ne5 100. Rb6 Rh1 101. Rb2 Rh7+ 102. Ke6 Rh6+ 103. Ke7 Nc4
104. Rb4 Kd4 105. Rb5 Ne3 106. Rb1 Ke5 107. Rb5+ Nd5+ 108. Kf7 Rf6+ 109. Kg7 Rf1
110. Ra5 Kd6 111. Ra6+ Kd7 112. Kg6 Ne7+ 113. Kg5 Nc6 114. Ra4 Ke6 115. Rf4 Rg1+
116. Rg4 Ra1 117. Re4+ Ne5 118. Kf4 Rf1+ 119. Ke3 Kf5 120. Ra4 Rf3+ 121. Ke2 Rh3
122. Kd2 Nf3+ 123. Ke2 Ke5 124. Ra8 Ke4 125. Re8+ Ne5 126. Kd2 Rg3 127. Kc2 Kd4
128. Rd8+ Kc5 129. Rc8+ Nc6 130. Kd2 Kd5 131. Rh8 Ra3 132. Rh5+ Kc4 133. Rh8 Rg3
134. Rc8 Kd5 135. Rh8 Ne5 136. Ke2 Ke4 1/2-1/2

[Event "96th ch-GER Candidates"]
[Site "Munich GER"]
[Date "2025.05.23"]
[Round "9.4"]
[White "Kunin, Vitaly"]
[Black "Miller, Eduard"]
[Result "1-0"]
[WhiteTitle "GM"]
[BlackTitle "FM"]
[WhiteElo "2497"]
[BlackElo "2338"]
[WhiteFideId "4128737"]
[BlackFideId "24687022"]
[EventDate "2025.05.17"]

1. d4 Nf6 2. Nf3 g6 3. g3 Bg7 4. Bg2 O-O 5. O-O d6 6. a4 a5 7. Nc3 Nc6 8. d5 Nb4
9. e4 Bg4 10. h3 Bxf3 11. Bxf3 Nd7 12. h4 e6 13. h5 Qe7 14. Nb5 Nc5 15. Kg2 c6
16. Nc3 cxd5 17. exd5 e5 18. Be3 Rac8 19. Qd2 f5 20. Rh1 Nd7 21. hxg6 hxg6 22.
Rh2 e4 23. Be2 Ne5 24. Rah1 Nf3 25. Bxf3 exf3+ 26. Kg1 Rc4 27. Rh7 Re8 28. Qd1
Qe5 29. Qxf3 Nxc2 30. Bf4 Ne1 31. Qd1 Rxf4 32. gxf4 Qxf4 33. R7h3 Bd4 34. R1h2
Qg4+ 35. Kf1 Bxc3 36. Qxg4 fxg4 37. Rxc3 Nf3 38. Rh1 Kg7 39. Kg2 Kf6 40. Re3 Rc8
41. Re6+ Kf5 42. Rxd6 Rc2 43. Rb6 Rd2 44. Rxb7 Ne5 45. Rh8 Nd3 46. Kg3 Ne1 47.
Rf8+ Kg5 48. Re7 Nf3 49. Re4 Nd4 50. Rxg4+ Kh6 51. Rf6 Nf5+ 52. Kh3 1-0

[Event "96th ch-GER Candidates"]
[Site "Munich GER"]
[Date "2025.05.23"]
[Round "9.5"]
[White "Garner, Isaac"]
[Black "Gloeckler, Christian"]
[Result "0-1"]
[BlackTitle "FM"]
[WhiteElo "2399"]
[BlackElo "2429"]
[WhiteFideId "16239261"]
[BlackFideId "34608966"]
[EventDate "2025.05.17"]

1. d4 Nf6 2. c4 e6 3. Nf3 d5 4. Nc3 c5 5. cxd5 Nxd5 6. e4 Nxc3 7. bxc3 cxd4 8.
cxd4 Bb4+ 9. Bd2 Bxd2+ 10. Qxd2 O-O 11. Bc4 Nd7 12. O-O b6 13. Rfe1 Bb7 14. Rad1
Rc8 15. Bb3 h6 16. Re3 Nf6 17. d5 exd5 18. exd5 Qd6 19. Nh4 Rfe8 20. Nf5 Qd7 21.
Nxh6+ gxh6 22. Rg3+ Kh7 23. Bc2+ Rxc2 24. Qxc2+ Kh8 25. Qc1 Kh7 26. Qc2+ Kh8 27.
Qc1 Kh7 28. Rh3 h5 29. Rf3 Ng4 30. Qb1+ Kg7 31. h3 Ne5 32. Rf5 h4 33. Qe4 f6 34.
Rh5 Ng6 35. Qb4 Qc7 36. d6 Qc6 37. Rhd5 Re5 38. Qb5 Re8 39. Qxc6 Bxc6 40. R5d4
Bd7 41. Rc1 a5 42. a4 Kf7 43. Rb1 Rb8 44. Rd5 Ne5 45. Rd4 Ng6 46. Rd5 Ne5 47.
Rd4 Bxh3 48. Rxh4 Bf5 49. Rb3 Nd7 50. Rf4 Be6 51. Rc3 Nc5 52. Rcf3 f5 53. g4 Rh8
54. Rg3 Rh4 55. Rgf3 Rh6 56. Re3 Rf6 57. gxf5 Rxf5 58. Rh4 Rd5 59. Rf3+ Bf5 60.
Rh7+ Kg6 61. Rh8 Ne6 62. Rg3+ Kf7 63. Rb8 Nd4 64. Rb7+ Kf6 65. Rg8 Rxd6 66. Rgb8
Be4 67. Rxb6 Bc6 68. f4 Re6 69. Rd8 Ne2+ 70. Kf2 Nxf4 71. Rc8 Nd3+ 72. Kg3 Nb4
73. Kf4 Nd5+ 0-1

[Event "96th ch-GER Candidates"]
[Site "Munich GER"]
[Date "2025.05.23"]
[Round "9.6"]
[White "Kocharin, Timur"]
[Black "Hertneck, Gerald"]
[Result "1/2-1/2"]
[WhiteTitle "FM"]
[BlackTitle "GM"]
[WhiteElo "2324"]
[BlackElo "2420"]
[WhiteFideId "16240936"]
[BlackFideId "4600088"]
[EventDate "2025.05.17"]

1. d4 Nf6 2. c4 c5 3. d5 b5 4. cxb5 a6 5. bxa6 g6 6. Nc3 Bxa6 7. e4 Bxf1 8. Kxf1
d6 9. g3 Bg7 10. Kg2 O-O 11. Nf3 Na6 12. Nd2 Nd7 13. a4 Ne5 14. Qe2 Nb4 15. Nc4
Nxc4 16. Qxc4 Nc2 17. Ra2 Nb4 18. Ra3 Nc2 19. Ra2 Nb4 20. Ra3 Nc2 21. Ra2 1/2-1/2

[Event "96th ch-GER Candidates"]
[Site "Munich GER"]
[Date "2025.05.23"]
[Round "9.8"]
[White "Spitzl, Vinzent"]
[Black "Manucharyan, Andriy"]
[Result "1-0"]
[WhiteTitle "FM"]
[WhiteElo "2355"]
[BlackElo "2141"]
[WhiteFideId "12901253"]
[BlackFideId "16260910"]
[EventDate "2025.05.17"]

1. d3 d5 2. Nf3 Nf6 3. g3 c5 4. Bg2 Nc6 5. O-O e5 6. e4 dxe4 7. dxe4 Qxd1 8.
Rxd1 Bg4 9. c3 Nxe4 10. Re1 O-O-O 11. Na3 Nf6 12. Nc4 Nd7 13. Ng5 Bh5 14. Bd5 f6
15. Bf7 fxg5 16. Bxh5 h6 17. Bf3 Kc7 18. a4 Bd6 19. a5 Nf6 20. Be3 e4 21. Bg2
Be7 22. a6 b6 23. f3 exf3 24. Bxf3 Rhe8 25. Bf2 g4 26. Bg2 Nd7 27. Re6 Ndb8 28.
Na3 Bf8 29. Nb5+ Kd7 30. Rxe8 Kxe8 31. Bd5 Be7 32. Nc7+ Kd7 33. Ne6 Rc8 34. Rd1
Bd6 35. Nxg7 Rf8 36. Be6+ Ke7 37. Bxg4 Be5 38. Nf5+ Kf6 39. Nxh6 Nxa6 40. Be3
Kg6 41. h4 Bxg3 42. h5+ Kh7 43. Rd7+ Kh8 44. Bf5 1-0

[Event "96th ch-GER Candidates"]
[Site "Munich GER"]
[Date "2025.05.23"]
[Round "9.9"]
[White "Besou, Hussain"]
[Black "Polster, Christian"]
[Result "1-0"]
[WhiteTitle "FM"]
[BlackTitle "FM"]
[WhiteElo "2351"]
[BlackElo "2295"]
[WhiteFideId "16269950"]
[BlackFideId "12965081"]
[EventDate "2025.05.17"]

1. e4 c6 2. d4 d5 3. e5 Bf5 4. Nf3 e6 5. Be2 c5 6. O-O Nc6 7. c3 cxd4 8. cxd4
Nge7 9. Nc3 Bg4 10. Ne1 Bxe2 11. Nxe2 Nf5 12. b3 Qb6 13. Nf3 Be7 14. Bb2 O-O 15.
g4 Nh4 16. Nxh4 Bxh4 17. f4 f6 18. exf6 Bxf6 19. Kh1 Rae8 20. Qd3 g6 21. Rf3 Nb4
22. Qd2 Rc8 23. Bc3 a5 24. f5 exf5 25. gxf5 Bg7 26. a3 Nc6 27. Raf1 Rxf5 28.
Rxf5 gxf5 29. Qg5 Qxb3 30. Ng3 h6 31. Qg6 Ne7 32. Qe6+ Kh8 33. Bd2 Qxa3 34. Bxh6
Rc6 35. Bxg7+ Kxg7 36. Nxf5+ Nxf5 37. Rg1+ Ng3+ 38. Rxg3+ Qxg3 39. Qd7+ Kf6 40.
hxg3 a4 41. Qxb7 Rc1+ 42. Kg2 a3 43. Qa6+ Kf5 44. Qd3+ Kg4 45. Qg6# 1-0

[Event "96th ch-GER Candidates"]
[Site "Munich GER"]
[Date "2025.05.23"]
[Round "9.10"]
[White "Herbrig, Alexander"]
[Black "Hoppstaedter, Daniel"]
[Result "1-0"]
[WhiteTitle "FM"]
[WhiteElo "2297"]
[BlackElo "2161"]
[WhiteFideId "12952044"]
[BlackFideId "16243625"]
[EventDate "2025.05.17"]

1. d4 d5 2. Nf3 Nf6 3. c4 c6 4. Qc2 e6 5. g3 Nbd7 6. Bg2 Bd6 7. O-O O-O 8. Nbd2
b6 9. e4 dxe4 10. Ng5 Bb7 11. Ndxe4 Nxe4 12. Nxe4 Be7 13. Rd1 Nf6 14. Bf4 h6 15.
c5 Nxe4 16. Bxe4 b5 17. a4 a6 18. Qb3 Qd7 19. h4 h5 20. Kh2 g6 21. Qf3 Kg7 22.
Be5+ f6 23. Bf4 Rad8 24. axb5 f5 25. Bxc6 Bxc6 26. bxc6 Qd5 27. Qxd5 Rxd5 28.
Be5+ Kh6 29. b4 1-0

[Event "96th ch-GER Candidates"]
[Site "Munich GER"]
[Date "2025.05.23"]
[Round "9.11"]
[White "Pfrommer, Christoph"]
[Black "Ollenberger, Roland"]
[Result "0-1"]
[WhiteTitle "FM"]
[BlackTitle "FM"]
[WhiteElo "2272"]
[BlackElo "2206"]
[WhiteFideId "4603290"]
[BlackFideId "24608440"]
[EventDate "2025.05.17"]

1. Nf3 g6 2. d4 Bg7 3. c4 d6 4. e3 Nc6 5. Nc3 e5 6. Be2 Bg4 7. d5 Nb8 8. e4 Nd7
9. O-O Ne7 10. Ng5 Bxe2 11. Qxe2 h6 12. Nh3 g5 13. Bd2 a5 14. Kh1 O-O 15. g3 f5
16. f4 exf4 17. gxf4 g4 18. Nf2 h5 19. Nd3 Ng6 20. Nb5 Re8 21. e5 dxe5 22. fxe5
Ndxe5 23. Nxe5 Rxe5 24. Qd3 c6 25. Nd4 Rxd5 26. cxd5 Qxd5+ 27. Kg1 Bxd4+ 28. Be3
Bxe3+ 29. Qxe3 f4 30. Qe2 f3 31. Qe3 Rf8 32. Rae1 Nf4 33. Qe4 Qd2 0-1

[Event "96th ch-GER Candidates"]
[Site "Munich GER"]
[Date "2025.05.23"]
[Round "9.12"]
[White "Voicu-Jagodzinsky, Carmen"]
[Black "Grossmann, Piet"]
[Result "1-0"]
[WhiteTitle "WGM"]
[WhiteElo "2220"]
[BlackElo "2063"]
[WhiteFideId "1206729"]
[BlackFideId "16234359"]
[EventDate "2025.05.17"]

1. e4 e6 2. d3 d5 3. Nd2 Nf6 4. Ngf3 c5 5. g3 Nc6 6. Bg2 Be7 7. O-O O-O 8. Re1
b5 9. e5 Nd7 10. Nf1 a5 11. h4 b4 12. h5 h6 13. N1h2 a4 14. Ng4 Ba6 15. a3 bxa3
16. bxa3 Rb8 17. Bf4 c4 18. d4 c3 19. Bh3 Qb6 20. Ne3 Qa5 21. Nh2 Kh8 22. Nf3
Rb7 23. Ng4 Qb6 24. Bxh6 gxh6 25. Qc1 Nxd4 26. Qxh6+ Kg8 27. Ng5 Nf3+ 28. Nxf3
Qd8 29. Rad1 Re8 30. Qf4 Bf8 31. h6 1-0

[Event "96th ch-GER Candidates"]
[Site "Munich GER"]
[Date "2025.05.23"]
[Round "9.13"]
[White "Sauer, Tim"]
[Black "Steffens, Olaf"]
[Result "1-0"]
[BlackTitle "FM"]
[WhiteElo "2139"]
[BlackElo "2184"]
[WhiteFideId "16265726"]
[BlackFideId "4630564"]
[EventDate "2025.05.17"]

1. d4 e6 2. Nf3 f5 3. g3 Nf6 4. Bg2 Be7 5. O-O d5 6. c4 Ne4 7. Qc2 c6 8. Nbd2
Nd7 9. Ne1 h5 10. Nxe4 dxe4 11. f3 h4 12. fxe4 hxg3 13. hxg3 Nf6 14. Qd3 e5 15.
exf5 exd4 16. Nf3 Ng4 17. Qe4 Nf6 18. Qxd4 Bxf5 19. Qxd8+ Rxd8 20. Be3 Ng4 21.
Bxa7 c5 22. Ne5 Ne3 23. Bxb7 Rd2 24. Bc6+ Kd8 25. Rf3 Rxe2 26. Rf2 Rxf2 27. Kxf2
Ng4+ 28. Nxg4 Bxg4 29. Bb6+ Kc8 30. Re1 Bf6 31. Bxc5 Rh2+ 32. Kg1 Rxb2 33. a4
Kc7 34. Bb5 Bf3 35. Bf2 Bc3 36. Rc1 Bd2 37. Ra1 Bc3 38. Rc1 Bd2 39. Ra1 Bc3 40.
Rf1 Bd4 41. Be8 Rd2 42. Bf7 Kd6 43. a5 Be2 44. Re1 Bxc4 45. Bxd4 Bxf7 46. Bxg7
Bd5 47. Be5+ Kc6 48. Re3 Ra2 49. Rc3+ Kb5 50. Bc7 Rb2 51. Bb6 Ra2 52. Rc5+ Ka6
53. Rxd5 1-0

[Event "96th ch-GER Candidates"]
[Site "Munich GER"]
[Date "2025.05.23"]
[Round "9.14"]
[White "Zuferi, Enis"]
[Black "Maier, Alexander"]
[Result "1-0"]
[WhiteTitle "FM"]
[BlackTitle "IM"]
[WhiteElo "2351"]
[BlackElo "2226"]
[WhiteFideId "24692530"]
[BlackFideId "4617061"]
[EventDate "2025.05.17"]

1. Nf3 d5 2. g3 Nc6 3. d4 Bf5 4. Bg2 Nb4 5. Na3 e6 6. O-O Be7 7. c3 Nc6 8. Qb3
Rb8 9. c4 Nf6 10. Bf4 a6 11. Rfd1 O-O 12. Ne5 Nb4 13. Rac1 dxc4 14. Naxc4 Nbd5
15. Bd2 c5 16. Ba5 Qe8 17. Nb6 cxd4 18. Rxd4 Nxb6 19. Bxb6 Rc8 20. Rxc8 Qxc8 21.
Rc4 Qe8 22. Bxb7 Qb5 23. Nc6 Bd6 24. Qxb5 axb5 25. Rd4 Nd5 26. Ba7 Be7 27. Rxd5 1-0

[Event "96th ch-GER Candidates"]
[Site "Munich GER"]
[Date "2025.05.23"]
[Round "9.15"]
[White "Lippert, Daniel"]
[Black "Philipp, Mathias"]
[Result "0-1"]
[BlackTitle "CM"]
[WhiteElo "2227"]
[BlackElo "2159"]
[WhiteFideId "16261895"]
[BlackFideId "12958883"]
[EventDate "2025.05.17"]

1. e4 c5 2. Nf3 Nc6 3. d4 cxd4 4. Nxd4 g6 5. c4 Bg7 6. Be3 d6 7. Nc3 Qa5 8. Qd2
Nxd4 9. Bxd4 Bxd4 10. Qxd4 Nf6 11. Be2 Be6 12. O-O Rc8 13. b3 O-O 14. Kh1 Qc5
15. Qd3 a6 16. Rac1 Nd7 17. f4 f5 18. Bf3 Nf6 19. Qe2 Rc7 20. exf5 Bxf5 21. g4
Bd7 22. g5 Nh5 23. Nd5 Bh3 24. b4 Qd4 25. Rfd1 Nxf4 26. Rxd4 Nxe2 27. Bxe2 Rd7
28. Kg1 Rf5 29. Rc3 Rxg5+ 30. Rg3 Re5 31. Bd3 Be6 32. Re3 Kg7 33. Be4 b5 34.
cxb5 axb5 35. Re2 Ra7 36. Rdd2 Bg4 37. Re3 Ra4 38. Bg2 Rxe3 39. Nxe3 Rxb4 40.
Nxg4 Rxg4 41. Rb2 b4 42. Kf2 Kf6 43. Rd2 Rh4 44. Kg3 g5 45. Rf2+ Ke5 46. Re2+
Kf6 47. Rf2+ Ke5 48. Re2+ Kf6 49. Be4 e6 50. Bf3 h5 51. Re1 d5 52. Bd1 e5 53.
Bb3 Rd4 54. Rf1+ Ke6 55. Rd1 h4+ 56. Kg2 Rxd1 57. Bxd1 Kf5 58. Kf3 g4+ 59. Ke3
d4+ 60. Kd3 Kf4 61. Ba4 Kf3 62. Bc6+ Kf2 63. Kc4 Ke3 64. Kxb4 d3 65. Bd7 g3 66.
hxg3 hxg3 0-1

[Event "96th ch-GER Candidates"]
[Site "Munich GER"]
[Date "2025.05.23"]
[Round "9.16"]
[White "Mueller, Thorsten"]
[Black "Saglam, Buelent"]
[Result "0-1"]
[WhiteElo "2034"]
[BlackElo "2114"]
[WhiteFideId "4653319"]
[BlackFideId "24694827"]
[EventDate "2025.05.17"]

1. d4 c5 2. c3 d5 3. Nf3 Qa5 4. dxc5 Qxc5 5. Nbd2 Nf6 6. Nb3 Qd6 7. Be3 Nbd7 8.
g3 Ng4 9. Bc1 e5 10. Bg2 a5 11. a4 Be7 12. h3 Ngf6 13. Bg5 Nf8 14. Bxf6 gxf6 15.
Nbd2 e4 16. Nd4 e3 17. N2f3 exf2+ 18. Kxf2 Rg8 19. g4 h5 20. Nb5 Qb8 21. Qxd5
hxg4 22. hxg4 Rxg4 23. Rag1 Be6 24. Qh5 Qg3+ 25. Kf1 Rxa4 26. Ne1 Qf4+ 27. Bf3
O-O-O 28. Nd3 Qe3 29. Nd4 Ra1+ 30. Kg2 Rxg1+ 31. Rxg1 Nd7 32. Kf1 Ne5 33. Rg3
Kb8 34. Qh2 Nxd3 35. exd3 Qxd3+ 36. Be2 Qb1+ 37. Kf2 Bd6 38. Qg2 Bd5 39. Qh3
Qxb2 40. Re3 a4 41. Qf5 Qb6 42. Bb5 a3 43. Re2 a2 44. Re1 Be5 0-1